<?xml version="1.0" encoding="UTF-8"?>
<record
    xmlns:xsi="http://www.w3.org/2001/XMLSchema-instance"
    xsi:schemaLocation="http://www.loc.gov/MARC21/slim http://www.loc.gov/standards/marcxml/schema/MARC21slim.xsd"
    xmlns="http://www.loc.gov/MARC21/slim">

  <leader>00867nam a2200253Ia 4500</leader>
  <controlfield tag="005">20230303105526.0</controlfield>
  <controlfield tag="008">210716s2011    xx            000 0 und d</controlfield>
  <datafield tag="020" ind1=" " ind2=" ">
    <subfield code="a">9780070700956</subfield>
  </datafield>
  <datafield tag="040" ind1=" " ind2=" ">
    <subfield code="c">AIMIT LIBRARY</subfield>
  </datafield>
  <datafield tag="041" ind1=" " ind2=" ">
    <subfield code="a">eng</subfield>
  </datafield>
  <datafield tag="082" ind1=" " ind2=" ">
    <subfield code="a">158.39 </subfield>
    <subfield code="2">1</subfield>
    <subfield code="b">ANAS</subfield>
  </datafield>
  <datafield tag="100" ind1=" " ind2=" ">
    <subfield code="a">Anandamurugan, S.</subfield>
    <subfield code="9">73903</subfield>
  </datafield>
  <datafield tag="245" ind1=" " ind2=" ">
    <subfield code="a">Placement interviews :</subfield>
    <subfield code="b">skill for success /</subfield>
    <subfield code="c">By S Anandamurugan</subfield>
  </datafield>
  <datafield tag="250" ind1=" " ind2=" ">
    <subfield code="a">1st ed.</subfield>
  </datafield>
  <datafield tag="260" ind1=" " ind2=" ">
    <subfield code="a">New Delhi :</subfield>
    <subfield code="b">Tata McGraw Hill Education Private Limited.,</subfield>
    <subfield code="c">2011.</subfield>
  </datafield>
  <datafield tag="300" ind1=" " ind2=" ">
    <subfield code="a">266p. ;</subfield>
    <subfield code="b">PB :</subfield>
    <subfield code="c">24 cm</subfield>
  </datafield>
  <datafield tag="650" ind1=" " ind2=" ">
    <subfield code="a">Skills for Winning a Job</subfield>
    <subfield code="9">73904</subfield>
  </datafield>
  <datafield tag="650" ind1=" " ind2=" ">
    <subfield code="a">Resume Preparation</subfield>
    <subfield code="9">73905</subfield>
  </datafield>
  <datafield tag="650" ind1=" " ind2=" ">
    <subfield code="a">Interview and GD Skills</subfield>
    <subfield code="9">73906</subfield>
  </datafield>
  <datafield tag="650" ind1=" " ind2=" ">
    <subfield code="a">Soft Skills and Non-Verbal Communication</subfield>
    <subfield code="9">73907</subfield>
  </datafield>
  <datafield tag="650" ind1=" " ind2=" ">
    <subfield code="a">Analytical Aptitude Test</subfield>
    <subfield code="9">73908</subfield>
  </datafield>
  <datafield tag="650" ind1=" " ind2=" ">
    <subfield code="a">Preparing for Technical Aptitude Test</subfield>
    <subfield code="9">73909</subfield>
  </datafield>
  <datafield tag="942" ind1=" " ind2=" ">
    <subfield code="2">ddc</subfield>
    <subfield code="c">BK</subfield>
    <subfield code="e">1st</subfield>
    <subfield code="k">158.39 ANAS</subfield>
  </datafield>
  <datafield tag="999" ind1=" " ind2=" ">
    <subfield code="c">191748</subfield>
    <subfield code="d">191748</subfield>
  </datafield>
  <datafield tag="952" ind1=" " ind2=" ">
    <subfield code="0">0</subfield>
    <subfield code="1">0</subfield>
    <subfield code="2">ddc</subfield>
    <subfield code="4">0</subfield>
    <subfield code="7">0</subfield>
    <subfield code="8">MCA</subfield>
    <subfield code="a">AIMIT</subfield>
    <subfield code="b">AIMIT</subfield>
    <subfield code="e">Higginbothams Pvt Ltd</subfield>
    <subfield code="g">295.00</subfield>
    <subfield code="i">Bill no:1743; Bill dt:2011-10-28</subfield>
    <subfield code="l">1</subfield>
    <subfield code="o">158.39 ANAS</subfield>
    <subfield code="p">MCA11256</subfield>
    <subfield code="r">2025-07-21 00:00:00</subfield>
    <subfield code="s">2024-02-15</subfield>
    <subfield code="v">221.25</subfield>
    <subfield code="w">2021-07-16</subfield>
    <subfield code="y">BK</subfield>
  </datafield>
  <datafield tag="952" ind1=" " ind2=" ">
    <subfield code="0">0</subfield>
    <subfield code="1">0</subfield>
    <subfield code="2">ddc</subfield>
    <subfield code="4">0</subfield>
    <subfield code="7">0</subfield>
    <subfield code="8">MCA</subfield>
    <subfield code="a">AIMIT</subfield>
    <subfield code="b">AIMIT</subfield>
    <subfield code="e">Higginbothams Pvt Ltd</subfield>
    <subfield code="g">295.00</subfield>
    <subfield code="i">Bill no:1743; Bill dt:2011-10-28</subfield>
    <subfield code="l">4</subfield>
    <subfield code="o">158.39 ANAS</subfield>
    <subfield code="p">MCA11257</subfield>
    <subfield code="r">2025-07-21 00:00:00</subfield>
    <subfield code="s">2024-07-04</subfield>
    <subfield code="v">221.25</subfield>
    <subfield code="w">2021-07-16</subfield>
    <subfield code="y">BK</subfield>
  </datafield>
  <datafield tag="952" ind1=" " ind2=" ">
    <subfield code="0">0</subfield>
    <subfield code="1">0</subfield>
    <subfield code="2">ddc</subfield>
    <subfield code="4">0</subfield>
    <subfield code="7">0</subfield>
    <subfield code="8">MCA</subfield>
    <subfield code="a">AIMIT</subfield>
    <subfield code="b">AIMIT</subfield>
    <subfield code="e">Higginbothams Pvt Ltd</subfield>
    <subfield code="g">295.00</subfield>
    <subfield code="i">Bill no:835; Bill dt:2013-08-19</subfield>
    <subfield code="l">0</subfield>
    <subfield code="o">158.39 ANAS</subfield>
    <subfield code="p">MCA13197</subfield>
    <subfield code="r">2025-07-21 00:00:00</subfield>
    <subfield code="v">221.25</subfield>
    <subfield code="w">2021-07-16</subfield>
    <subfield code="y">BK</subfield>
  </datafield>
  <datafield tag="952" ind1=" " ind2=" ">
    <subfield code="0">0</subfield>
    <subfield code="1">0</subfield>
    <subfield code="2">ddc</subfield>
    <subfield code="4">0</subfield>
    <subfield code="7">0</subfield>
    <subfield code="8">MBA</subfield>
    <subfield code="a">AIMIT</subfield>
    <subfield code="b">AIMIT</subfield>
    <subfield code="d">2014-03-15</subfield>
    <subfield code="g">325.00</subfield>
    <subfield code="i">Bill no:1486; Bill dt:2014-03-13</subfield>
    <subfield code="l">0</subfield>
    <subfield code="o">158.39 ANAS</subfield>
    <subfield code="p">MBA11126</subfield>
    <subfield code="r">2025-07-21 00:00:00</subfield>
    <subfield code="v">243.75</subfield>
    <subfield code="w">2021-07-16</subfield>
    <subfield code="y">BK</subfield>
  </datafield>
  <datafield tag="952" ind1=" " ind2=" ">
    <subfield code="0">0</subfield>
    <subfield code="1">0</subfield>
    <subfield code="2">ddc</subfield>
    <subfield code="4">0</subfield>
    <subfield code="7">0</subfield>
    <subfield code="8">MBA</subfield>
    <subfield code="a">AIMIT</subfield>
    <subfield code="b">AIMIT</subfield>
    <subfield code="d">2018-03-14</subfield>
    <subfield code="g">495.00</subfield>
    <subfield code="i">Bill no:4548; Bill dt:2018-03-12</subfield>
    <subfield code="l">1</subfield>
    <subfield code="o">158.39 ANAS</subfield>
    <subfield code="p">MBA13083</subfield>
    <subfield code="r">2025-07-21 00:00:00</subfield>
    <subfield code="s">2023-04-13</subfield>
    <subfield code="v">371.25</subfield>
    <subfield code="w">2021-07-16</subfield>
    <subfield code="y">BK</subfield>
  </datafield>
</record>
